| 000 | 00410nam a22001457a 4500 | ||
|---|---|---|---|
| 999 |
_c7610 _d7610 |
||
| 003 | OSt | ||
| 005 | 20190214191132.0 | ||
| 008 | 190214b ||||| |||| 00| 0 eng d | ||
| 040 | _cDLC | ||
| 082 | _a670 | ||
| 245 |
_aTransformed! _bthe transformation of New Life Assembly of God, Madras/ _cGlobal Leadership Network: |
||
| 260 |
_bGlobal Leadership Network: _cc.2000 |
||
| 300 |
_a41 p.; _c20 cm |
||
| 942 |
_2ddc _cBK |
||